|
|
|
|
| LEADER |
00000naa a2200000uu 4500 |
| 001 |
vtls011062702 |
| 003 |
SK-MaSNL |
| 005 |
20260302112222.0 |
| 008 |
210910|2003 xo |||||||||||||||||slo| |
| 015 |
|
|
|a SNBRA
|
| 035 |
|
|
|a (urnnbn)urn:nbn:sk:snk:ar-a0c3z0
|
| 035 |
|
|
|a (uuid)348950c4-6321-45fc-8dc0-e3a213159221
|
| 035 |
|
|
|a urn:nbn:sk:snk-aavagu
|
| 040 |
|
|
|a SNKBUCL
|b slo
|c SNKBUCL
|e AACR2
|
| 041 |
0 |
|
|a slo
|
| 044 |
|
|
|a xo
|c SK
|
| 100 |
1 |
|
|a Pavlík, Václav
|4 aut
|9 7223
|
| 245 |
1 |
0 |
|a REVITALIZÁCIA ŽIVOČÍŠNEJ VÝROBY SO ZAMERANÍM NA ELIMINÁCIU NEGATÍVNEHO VPLYVU EMISIÍ NA HOVÄDZÍ DOBYTOK
|c Václav Pavlík, František Jenčík, Jozef Bíreš, M. Brna ml., M. Kubina, Rudolf Žitňan
|
| 246 |
3 |
|
|a REVITALIZATION OF LIVESTOCK PRODUCTION FOCUSED ON ELIMINATION OF IMMISSION NEGATIVE INFLUENCE ON CATTLE
|
| 700 |
1 |
|
|a Jenčík, František
|4 aut
|9 636848
|
| 700 |
1 |
|
|a Bíreš, Jozef,
|d 1956-
|4 aut
|9 199780
|
| 700 |
1 |
|
|a Brna, M. ml.
|4 aut
|9 782005
|
| 700 |
1 |
|
|a Kubina, M.
|4 aut
|9 782004
|
| 700 |
1 |
|
|a Žitňan, Rudolf,
|d 1930-1996
|4 aut
|9 37722
|
| 773 |
0 |
|
|t XII. vedecké sympózium s medzinárodnu účasťou O ekológii vo vybraných aglomeráciách Jelšavy-Lubeníka a stredného Spiša
|d Košice : Univerzita veterinárskeho lekárstva, 2003, 2003
|g S. 157-160
|z 8088985943
|
| 958 |
|
|
|a OND
|
| 958 |
|
|
|a article12
|
| 958 |
|
|
|a chapter
|
| 999 |
|
|
|c 1250621
|d 1252551
|